[Event "Palmanova Blau Escacs op 1st"]
[Site "Palmanova"]
[Date "2015.04.13"]
[Round "3"]
[White "Lazarte Anello, David Emiliano"]
[Black "Moreno Jimenez, Alejandro"]
[Result "1-0"]
[WhiteElo "1947"]
[BlackElo "1260"]
[PlyCount "29"]
[EventDate "2015.04.11"]
[EventType "swiss"]
[EventRounds "9"]
[EventCountry "ESP"]
[SourceTitle "CBM 166 Extra"]
[Source "ChessBase"]
[SourceDate "2015.06.18"]
[SourceVersion "1"]
[SourceVersionDate "2015.06.18"]
[SourceQuality "1"]

1. e4 e5 2. Nf3 Nc6 3. d4 exd4 4. Nxd4 Nxd4 5. Qxd4 Nf6 6. Nc3 b6 7. Bg5 Be7 8. 0-0-0 Bb7 9. f3 d5 10. exd5 Bxd5 11. Bxf6 Bxf6 12. Qxd5 Qxd5 13. Nxd5 Bg5+ 14. f4 Bd8 15. Bb5+ 1-0